000 00436nam a22001337a 4500
040 _cNUST
082 _a220 PRO
100 _aHafsa Riaz Syed Mujtaba Ali Warda Riaz Zaid Sheikh
_986200
110 _aProject Supervisor Dr. Muwahida Liaqat
_986201
245 _aPR-SOF-2072-Power Generating Unit (PGU) With Supervisory Control
260 _aISLAMABAD:
_bNUST COLLEGE OF EME,
_c2021.
650 _aDE-ELECT-39
_986202
942 _2ddc
_cPR
999 _c587255
_d587255